Opiniones de O.-L. Barenton / (Record no. 55684)

MARC details
000 -LEADER
campo de control de longitud fija 00793nam a2200241 i 4500
001 - NÚMERO DE CONTROL
campo de control 55684
003 - IDENTIFICADOR DE NÚMERO DE CONTROL
campo de control ES-MaACL
005 - FECHA Y HORA DE LA ÚLTIMA TRANSACCIÓN
campo de control 20230906163209.0
007 - CAMPO FIJO DE DESCRIPCIÓN FÍSICA--INFORMACIÓN GENERAL
campo de control de longitud fija t|
008 - DATOS DE LONGITUD FIJA--INFORMACIÓN GENERAL
campo de control de longitud fija 030925s1961 sp ||||1| spa d
080 ## - NÚMERO DE LA CLASIFICACIÓN DECIMAL UNIVERSAL
Número de la Clasificación Decimal Universal 821.133.1-84"19"
100 1# - ENTRADA PRINCIPAL--NOMBRE DE PERSONA
Nombre de persona Detoeuf, Auguste.
9 (RLIN) 43965
245 10 - MENCIÓN DEL TÍTULO
Título Opiniones de O.-L. Barenton /
Mención de responsabilidad, etc. Auguste Detoeuf ; prefacio de Pierre Brisson ; traducida por Jaime Vicens Carrió.
260 ## - PUBLICACIÓN, DISTRIBUCIÓN, ETC.
Lugar de publicación, distribución, etc. Barcelona :
Nombre del editor, distribuidor, etc. Francisco Casanovas,
Fecha de publicación, distribución, etc. 1961.
300 ## - DESCRIPCIÓN FÍSICA
Extensión 212 p., 1 lám. :
Otras características físicas retr. autor ;
Dimensiones 24 cm.
490 1# - MENCIÓN DE SERIE
Mención de serie Francisco Casanovas ;
Designación de volumen o secuencia 65
700 1# - ENTRADA AGREGADA--NOMBRE PERSONAL
Nombre de persona Brisson, Pierre.
9 (RLIN) 31795
700 1# - ENTRADA AGREGADA--NOMBRE PERSONAL
Nombre de persona Vicens Carrió, Jaime.
9 (RLIN) 114317
830 1# - PUNTO DE ACCESO ADICIONAL DE SERIE-TÍTULO UNIFORME
Título uniforme Francisco Casanovas ;
Designación de volumen o secuencia 65
9 (RLIN) 230347
852 ## - LOCALIZACIÓN
Ubicación ES-MaACL
Número de control de estantería C-18224
852 ## - LOCALIZACIÓN
Ubicación ES-MaACL
Número de control de estantería E-5858
Holdings
Estatus retirado Estado de pérdida Estado de daño No para préstamo Biblioteca de origen Biblioteca actual Ubicación en estantería Fecha de adquisición Fuente de adquisición Total de préstamos Signatura topográfica completa Código de barras Visto por última vez Precio de reemplazo Tipo de ítem Koha
        Biblioteca del Ateneo de Madrid Biblioteca del Ateneo de Madrid Depósito 2 23/04/2014     E-5858 1192810 23/02/2023 23/02/2023 Libro impreso
        Biblioteca del Ateneo de Madrid Biblioteca del Ateneo de Madrid Galería 17/01/2008     C-18224 1058497 23/02/2023 23/02/2023 Libro impreso